Dictionnaire des philosophes (notice n° 1983024)
[ vue normale ]
| 000 -LEADER | |
|---|---|
| fixed length control field | 00954cam a2200145 4500500 |
| 005 - DATE AND TIME OF LATEST TRANSACTION | |
| control field | 20260329043113.0 |
| 041 ## - LANGUAGE CODE | |
| Language code of text/sound track or separate title | fre |
| 042 ## - AUTHENTICATION CODE | |
| Authentication code | dc |
| 100 10 - MAIN ENTRY--PERSONAL NAME | |
| Personal name | Baraquin, Noëlla |
| Relator term | author |
| 245 00 - TITLE STATEMENT | |
| Title | Dictionnaire des philosophes |
| 260 ## - PUBLICATION, DISTRIBUTION, ETC. | |
| Name of publisher, distributor, etc. | Armand Colin,<br/> |
| Date of publication, distribution, etc. | 2020.<br/> |
| 520 ## - SUMMARY, ETC. | |
| Summary, etc. | De l'Antiquité à nos jours, les philosophes les plus importants dans l'histoire de la philosophie occidentale, leur vie, leur pensée, la portée de leur doctrine.· Les œuvres principales de chacun d'entre eux, classées chronologiquement, avec les éditions de référence.· Les études, les critiques et, éventuellement, les satires publiées sur chacun d'entre eux (éditeurs, années et pages), classés par ordre alphabétique.· Les concepts clés et corrélats particuliers à chaque philosophe. |
| 700 10 - ADDED ENTRY--PERSONAL NAME | |
| Personal name | Laffitte, Jacqueline |
| Relator term | author |
| 856 41 - ELECTRONIC LOCATION AND ACCESS | |
| Uniform Resource Identifier | <a href="https://shs.cairn.info/dictionnaire-des-philosophes--9782200628444?lang=fr&redirect-ssocas=7080">https://shs.cairn.info/dictionnaire-des-philosophes--9782200628444?lang=fr&redirect-ssocas=7080</a> |
Pas d'exemplaire disponible.




Réseaux sociaux